Radiohead Lyrics - No Hints #17 - Statistics

General Stats
  • This quiz has been taken 74 times
  • The average score is 142 of 451
Answer Stats
Answer % Correct
"I
92%
I
92%
a
83%
you"
77%
you
77%
you,
77%
the
69%
The
69%
me
56%
me,
56%
love
54%
and
52%
And
52%
he
50%
who
48%
we
46%
are
44%
it
44%
to
44%
be
38%
all
35%
if
35%
in
35%
In
35%
see
35%
your
35%
No
33%
no
33%
up,
33%
up
33%
Don't
31%
don't
31%
on
31%
of
29%
but
27%
him
27%
I'm
27%
my
27%
never
27%
them
27%
is
25%
know
25%
out
25%
Out
25%
that
25%
children
23%
door
23%
from
23%
Let
23%
let
23%
So
23%
Steal
23%
Steel
23%
with
23%
With
23%
wolf
23%
call
21%
for
21%
I'll
21%
mess
21%
pay
21%
again
19%
At
19%
at
19%
calls
19%
Calls
19%
Just
19%
just
19%
phone,
19%
ransom
19%
Take
19%
we're
19%
dead
17%
Get
17%
get
17%
gonna
17%
he's
17%
it's
17%
miss
17%
cops
15%
Drag
15%
head
15%
put
15%
Put
15%
Snakes
15%
squeal
15%
tells
15%
ways
15%
Dance,
13%
dance,
13%
Dragging
13%
flan
13%
fucker,
13%
fucker
13%
keep
13%
ladders
13%
Singing
13%
window
13%
back,
10%
back
10%
cracker
10%
dare,
10%
dare
10%
does
10%
face
10%
Help
10%
inside
10%
inside,
10%
Kicks
10%
like
10%
look
10%
pinch
10%
pops
10%
salt
10%
teeth
10%
wish
10%
come
8%
doctor,
8%
first
8%
good
8%
little
8%
mirror
8%
neck
8%
off
8%
promise
8%
recognize
8%
taxman
8%
toe
8%
always
6%
caps
6%
eyes,
6%
Flip
6%
given
6%
gunge
6%
lid
6%
Oh,
6%
Smacks
6%
turn
6%
cards
4%
class
4%
Cold
4%
credit
4%
eggs
4%
giant
4%
Knifes
4%
mistresses
4%
over,
4%
Takes
4%
tape
4%
Walking
4%
born
2%
Born
2%
boys
2%
City
2%
clean
2%
complain?
2%
cranes
2%
dealers,
2%
dealers
2%
else
2%
Investments
2%
investments
2%
job
2%
list?
2%
naked
2%
papers
2%
raised
2%
someone
2%
Someone
2%
Stepford
2%
strip
2%
Sunday
2%
tight
2%
wives,
2%
wives
2%
world
2%
X-ray
2%
you'd
2%
No matching quizzes found
Score Distribution
Percent of People with Each Score
Percentile by Number Answered
Your Score History
You have not taken this quiz